Sports Quiz

Random Sports or Basketball Quiz

Name That Basketball Conference Quiz Stats

 Plays Quiz Updated Dec 11, 2018

Support Sporcle.
Go Orange.
Score 0/30 Timer 04:00
3 Plays Today
Team Conference % Correct
Oregon DucksPacific-12 Conference
94.4%
Purdue BoilermakersBig Ten Conference
93.4%
Yale BulldogsIvy League
93.3%
Oklahoma SoonersBig 12 Conference
83.2%
Florida State SeminolesAtlantic Coast Conference
70.6%
Arkansas RazorbacksSoutheastern Conference
68.8%
Ball State CardinalsMid-American Conference
61.4%
Memphis TigersAmerican Athletic Conference
59.9%
DePaul Blue DemonsBig East Conference
54.1%
Dayton FlyersAtlantic 10 Conference
47.6%
Idaho VandalsBig Sky Conference
45.6%
Wyoming CowboysMountain West Conference
37.1%
Creighton BluejaysBig East Conference
31.9%
Gonzaga BulldogsWest Coast Conference
31.5%
Valparaiso CrusadersMissouri Valley Conference
29.8%
Team Conference % Correct
Davidson WildcatsAtlantic 10 Conference
23.8%
William & Mary TribeColonial Athletic Association
22.6%
Holy Cross CrusadersPatriot League
21.9%
Florida Atlantic OwlsConference USA
21.9%
Grambling State TigersSouthwestern Athletic Conference
21.1%
Siena SaintsMetro Atlantic Athletic Conference
20.7%
Pacific TigersWest Coast Conference
19.4%
Winthrop EaglesBig South Conference
16.2%
New Hampshire WildcatsAmerica East Conference
16.2%
Weber State WildcatsBig Sky Conference
15.5%
Hampton PiratesBig South Conference
15.1%
Austin Peay GovernorsOhio Valley Conference
14.3%
Belmont BruinsOhio Valley Conference
11.6%
Sacred Heart PioneersNortheast Conference
11.5%
Oral Roberts Golden EaglesSummit League
8.1%

From the Vault

Book to Film (Nonfiction)

by druhutch

Movies 7m
There is a reason that many books' titles are changed for the movie adaptation.
Remove Ads.
Support Sporcle.
Get the best of Sporcle when you Go Orange. This ad-free experience offers more features, more stats, and more fun while also helping to support Sporcle. Thank you for becoming a member.

Show Comments

Extras

Top Quizzes Today


Score Distribution

Your Account Isn't Verified!

In order to create a playlist on Sporcle, you need to verify the email address you used during registration. Go to your Sporcle Settings to finish the process.

Report this User

Report this user for behavior that violates our Community Guidelines.

Details: